| 000 | 00664nam a2200229Ia 4500 | ||
|---|---|---|---|
| 003 | GCL | ||
| 008 | 140319s9999 xx 000 0 eng d | ||
| 040 |
_aGCL / _cGCL |
||
| 082 | 0 | 4 |
_a362.1094 _bN E |
| 100 | 1 | _aNORMAND, CHARLES E, M | |
| 245 | 1 | 0 |
_aEUROPE: WITHOUT FRONTIERS: THE IMPLICATIONS FOR HEALTH / _cNORMAND, CHARLES E, M |
| 700 | 1 | _aVOUGHAN, PATRICK | |
| 700 | 1 | _aLONDON SCHOOL OF HYGIENE AND TROPICAL | |
| 260 |
_a[S.N] : _bJOHN WILEY AND SONS. INC ، _c1993 |
||
| 300 | _a376 P | ||
| 650 | 0 | 4 | _aEUROPE |
| 650 | 0 | 4 | _aCONGRESSES |
| 650 | 0 | 4 | _aMEDICAL POLICY |
| 650 | 0 | 4 | _aPUBLIC HEALTH |
| 650 | 0 | 4 | _aINTERNATIONAL COOPERATION |
| 942 |
_2ddc _cBK |
||
| 999 |
_c25019 _d25019 |
||